Royal Navy Ships 2026 - Statistics

General Stats
  • This quiz has been taken 165 times
    32 since last reset
  • The average score is 19 of 63
Answer Stats
Hint Answer % Correct
Hms Prince Of Wales
88%
Aircraft Carrier Hms Queen Elizabeth
88%
Hms Dragon
80%
Ceremonial Hms Victory
72%
Hms Duncan
68%
Hms Astute
64%
Destroyer Hms Daring
64%
Hms Dauntless
64%
Hms Diamond
60%
Submarines Hms Vanguard
60%
Hms Defender
56%
Hms Iron Duke
56%
Hms Kent
48%
Patrol Ships Hms Tyne
48%
Hms Vengeance
48%
Hms Audacious
44%
Frigates Hms Richmond
44%
Hms ST Albans
44%
Hms Victorious
44%
Hms Artful
40%
Hms Mersey
40%
Hms Trent
40%
Hms Vigilant
40%
Hms Forth
36%
Hms Severn
36%
Hms Somerset
36%
Hms Anson
32%
Hms Sutherland
32%
Hms Medway
28%
Hms Portland
28%
Hms Scott
28%
Hms Spey
28%
Mine Hunter Hms Bangor
24%
HmsTamar
24%
hms Agamemnon
20%
Patrol Boats Hms Archer
20%
Hms Chiddingfold
20%
Hms Dagger
20%
Hms Magpie
20%
Hms Middleton
20%
Hms Ambush
16%
Hms Biter
16%
Hms Ledbury
16%
Auxiliaries/Survey Hms Protector
16%
Hms Smiter
16%
Hms Brocklesby
12%
Hms Cattistock
12%
Hms Cutlass
12%
Hms Dasher
8%
Hms Explorer
8%
Hms Hurworth
8%
Hms Puncher
8%
Hms Blazer
4%
Hms Charger
4%
Hms Example
4%
Hms Exploit
4%
Hms Express
4%
Hms Pursuer
4%
Hms Raider
4%
Hms Ranger
4%
Hms Sritling Castle
4%
HmsTracker
4%
Hms Trumpeter
4%
No matching quizzes found
Score Distribution
Percent of People with Each Score
Percentile by Number Answered
Your Score History
You have not taken this quiz since the last reset